书目信息 |
| 题名: |
建筑施工安全技术与管理研究
|
|
| 作者: | 韩德祥 , 蒋春龙 , 杜明兴 著 | |
| 分册: | ||
| 出版信息: | 长春 吉林科学技术出版社 2022.08 |
|
| 页数: | 206页 | |
| 开本: | 26cm | |
| 丛书名: | ||
| 单 册: | ||
| 中图分类: | TU714 | |
| 科图分类: | ||
| 主题词: | 建筑施工--jian zhu shi gong--工程施工--安全技术--研究 , 建筑施工--jian zhu shi gong--安全管理--研究 | |
| 电子资源: | ||
| ISBN: | 978-7-5578-9472-6 | |
| 000 | 01230nam0 2200277 450 | |
| 001 | CAL 012022047886 | |
| 005 | 20230308143222.0 | |
| 010 | @a978-7-5578-9472-6@dCNY58.00 | |
| 100 | @a20221108d2022 em y0chiy0120 ea | |
| 101 | 0 | @achi |
| 102 | @aCN@b220000 | |
| 105 | @aa a 000yy | |
| 106 | @ar | |
| 200 | 1 | @a建筑施工安全技术与管理研究@Ajian zhu shi gong an quan ji shu yu guan li yan jiu@f韩德祥, 蒋春龙, 杜明兴著 |
| 210 | @a长春@c吉林科学技术出版社@d2022.08 | |
| 215 | @a206页@c图@d26cm | |
| 320 | @a有书目 (第205-206页) | |
| 330 | @a本书立足于建筑施工安全技术管理活动, 首先介绍了建筑工程与建筑施工安全方面基础知识, 然后阐述了建筑施工安全各项技术管理的具体措施, 最后介绍了建筑施工安全常用护具, 并对建筑施工安全生产保证工作进行了简要介绍, 以期能够提升建筑施工安全技术管理整体水平, 为项目的顺利开展创设条件, 保证建筑施工从业人员安全和避免财产损失, 促进建筑业长期持续发展。 | |
| 606 | 0 | @a建筑施工@Ajian zhu shi gong@x工程施工@x安全技术@x研究 |
| 606 | 0 | @a建筑施工@Ajian zhu shi gong@x安全管理@x研究 |
| 690 | @aTU714@v5 | |
| 701 | 0 | @a韩德祥@Ahan de xiang@4著 |
| 701 | 0 | @a蒋春龙@Ajiang chun long@4著 |
| 701 | 0 | @a杜明兴@Adu ming xing@4著 |
| 801 | 0 | @aCN@bBJXHXP@c20230308 |
| 905 | @b1403590-3@dTU714@e2179@f4 | |
| 建筑施工安全技术与管理研究/韩德祥, 蒋春龙, 杜明兴著.-长春:吉林科学技术出版社,2022.08 |
| 206页:图;26cm |
| ISBN 978-7-5578-9472-6:CNY58.00 |
| 本书立足于建筑施工安全技术管理活动, 首先介绍了建筑工程与建筑施工安全方面基础知识, 然后阐述了建筑施工安全各项技术管理的具体措施, 最后介绍了建筑施工安全常用护具, 并对建筑施工安全生产保证工作进行了简要介绍, 以期能够提升建筑施工安全技术管理整体水平, 为项目的顺利开展创设条件, 保证建筑施工从业人员安全和避免财产损失, 促进建筑业长期持续发展。 |
| ● |
| 相关链接 |
|
|
|
|
正题名:建筑施工安全技术与管理研究
索取号:TU714/2179
 
预约/预借
| 序号 | 登录号 | 条形码 | 馆藏地/架位号 | 状态 | 备注 |
| 1 | 1403590 | 214035907 | 第二样本阅览室/ [索取号:TU714/2179] | 在馆 | |
| 2 | 1403591 | 214035916 | 第三借阅区/ [索取号:TU714/2179] | 在馆 | |
| 3 | 1403592 | 214035925 | 第三借阅区/ [索取号:TU714/2179] | 在馆 | |
| 4 | 1403593 | 214035934 | 第三借阅区/ [索取号:TU714/2179] | 在馆 |